| 000 | 00464nam a2200169 4500 | ||
|---|---|---|---|
| 003 | DO-SdBNP | ||
| 005 | 20161107113701.0 | ||
| 008 | 161107b1985 mx||||| |||| 00| 0 spa d | ||
| 020 | _a9682606241 | ||
| 040 |
_aBPMSU _bspa _cBPMSU |
||
| 100 | _aArdley, Neil | ||
| 245 |
_aGuerras y armas del futuro / _cNeil Ardley |
||
| 260 |
_aMéxico : _bCompañia Editorial Continental _c1985 |
||
| 300 |
_a32 p. : _bil. : _c29 cm |
||
| 942 |
_2ddc _cBK |
||
| 956 | _adgarcia | ||
| 999 |
_c11811 _d11811 |
||